Top 10 Billboard Songs of 2016 - Statistics

General Stats
  • This quiz has been taken 31 times
  • The average score is 6 of 10
Answer Stats
Hint Answer % Correct
Justin Bieber Sorry
93%
Adele Hello
85%
The Chainsmokers featuring Halsey Closer
63%
Justin Bieber Love Yourself
59%
Drake featuring Wizkid and Kyla One Dance
56%
Twenty One Pilots Stressed Out
56%
Desiigner Panda
52%
Rihanna featuring Drake Work
52%
Justin Timberlake Can't Stop The Feeling
44%
The Chainsmokers featuring Daya Don't Let Me Down
30%
No matching quizzes found
Score Distribution
Percent of People with Each Score
Percentile by Number Answered
Your Score History
You have not taken this quiz